000 00996nam a2200241 a 4500
001 000026578
003 000026578
005 20180213105415.0
008 110323s2001 dr 001 | spa d
040 _aBPMET
_bspa
_cBPMET
049 _aBNPD
100 1 _aGarcía Castro, Gregorio,
_d1935-1973
245 1 0 _aConferencias de Gregorio García Castro :
_bcomunicación social y libertad de expresión, disertaciones durante su exilio pot-golpe de estado de 1963 y el régimen de los 12 años /
_cGregorio García Castro ; edición de Enrique García Frómeta.
260 _aSanto Domingo :
_bGráfica William
_c2001.
300 _a163 p. :
_bil. retrs.
_c22 cm.
500 _aIncluye disertaciones durante su exilio post-golpe de estado de 1963 y en el régimen de los 12 años.
500 _aIncluye índice onomástico.
505 0 _t
700 1 _aGarcía Frómeta, Enrique,
_eed.
942 _2ddc
_cBK
945 _ainventariado, 2018 / dg
956 _aVMATEO
_b10
_c20150914
_lBPMSU
_h0069
999 _c7143
_d7143